international radio alphabet (OTAN) - Statistiques

Statistiques générales
  • Ce quiz a été pris 348 fois
  • Le résultat moyen est 17 sur 26
Statistiques - réponses
Hint Réponse % Correct
A alpha
98%
C charlie
92%
D delta
89%
B bravo
86%
F foxtrot
82%
E echo
74%
P papa
70%
L lima
67%
G golf
66%
H hotel
66%
I india
65%
T tango
65%
K kilo
64%
J juliett
63%
O oscar
62%
R romeo
62%
Z zulu
61%
S sierra
60%
X x-ray
59%
Q quebec
57%
N november
55%
Y yankee
55%
M mike
54%
V victor
53%
U uniform
51%
W whiskey
49%
Aucun quiz correspondant
Distribution des résultats
% des personnes avec chaque résultat
Percentile par nombre de réponses
Votre historique - résultats
Vous n’avez pas pris ce quiz